| 000 | 00568nam a22001937a 4500 | ||
|---|---|---|---|
| 003 | SISC | ||
| 005 | 20160404135834.0 | ||
| 008 | 130907t xxu||||| |||| 00| 0 eng d | ||
| 020 | _a1590844068 | ||
| 050 |
_aHV 7431 _b.K455 2003 |
||
| 082 |
_aHS 364.4 _bK46 2003 |
||
| 100 |
_aKerrigan, Michael _910808 |
||
| 245 |
_aPolice crime prevention / _cMichael Kerrigan |
||
| 260 |
_aPA : _bMason Crest Publishers, _cc2003. |
||
| 300 |
_a96 p. : _bcol. ill. ; _c24 cm. |
||
| 650 |
_aCrime prevention _xJuvenile literature. _917048 |
||
| 942 |
_2lcc _cBK |
||
| 999 |
_c10593 _d10593 |
||